[Event "HUN Team League Csongrad Region 2019–2"]
[Site "Csongrád County"]
[Date "2020.02.09"]
[Round "6.4"]
[White "Havasi, Mate Pal"]
[Black "Szamko, Balint"]
[Result "1-0"]
[WhiteElo "1306"]
[BlackElo "1095"]
[PlyCount "33"]
[EventDate "2019.09.29"]
[WhiteTeam "Meritum II."]
[BlackTeam "Maróczy V."]

1. Nf3 d5 2. g3 Nc6 3. Bg2 Nf6 4. O-O Bf5 5. d3 Qd7 6. Nbd2 O-O-O 7. c4 e6 8.
b3 h6 9. Bb2 Be7 10. cxd5 exd5 11. Nd4 Nxd4 12. Bxd4 a6 13. Nf3 Rhg8 14. Ne5
Qe6 15. Rc1 Ng4 16. Qc2 Rge8 17. Qxc7# 1-0

[Event "HUN Team League Csongrad Region 2019–2"]
[Site "Csongrád County"]
[Date "2020.02.09"]
[Round "6.4"]
[White "Korosi, Zsombor"]
[Black "Nyulasz, Adam"]
[Result "1-0"]
[WhiteElo "1248"]
[BlackElo "1048"]
[PlyCount "35"]
[EventDate "2019.09.29"]
[WhiteTeam "Maróczy V."]
[BlackTeam "Meritum II."]

1. e4 c6 2. Nc3 d5 3. exd5 cxd5 4. d4 Nf6 5. Nf3 Bf5 6. Bb5+ Nc6 7. O-O Qc7 8.
Bg5 Ne4 9. Nxd5 Qd6 10. Ne3 Nxg5 11. Nxg5 Qf4 12. Nf3 Bg4 13. Nxg4 Qxg4 14. Ne5
Qe4 15. c3 f6 16. Nf3 Kf7 17. Bc4+ Kg6 18. Bd3 1-0

[Event "HUN Team League Csongrad Region 2019–2"]
[Site "Csongrád County"]
[Date "2020.02.09"]
[Round "6.5"]
[White "Csuri, Laszlo"]
[Black "Gyugyi, Peter"]
[Result "1/2-1/2"]
[WhiteElo "1986"]
[BlackElo "1968"]
[PlyCount "28"]
[EventDate "2019.09.29"]
[WhiteTeam "Röszke"]
[BlackTeam "Üllés"]

1. e4 c6 2. d4 d5 3. Nc3 dxe4 4. Nxe4 Bf5 5. Ng3 Bg6 6. Nf3 Nd7 7. h4 h6 8. h5
Bh7 9. Bd3 Bxd3 10. Qxd3 Ngf6 11. Bd2 e6 12. O-O-O Qc7 13. Qe2 Bd6 14. c4 O-O-O
1/2-1/2

[Event "HUN Team League Csongrad Region 2019–2"]
[Site "Csongrád County"]
[Date "2020.02.09"]
[Round "6.5"]
[White "Szabo, Zoltan"]
[Black "Retkes, Sandor"]
[Result "1/2-1/2"]
[WhiteElo "1790"]
[BlackElo "1925"]
[PlyCount "21"]
[EventDate "2019.09.29"]
[WhiteTeam "Üllés"]
[BlackTeam "Röszke"]

1. e4 c6 2. d4 g6 3. Nf3 Bg7 4. Nc3 d6 5. Be2 Bg4 6. O-O Nf6 7. h3 Be6 8. Ng5
Bc8 9. e5 Nd5 10. Nxd5 cxd5 11. f4 1/2-1/2

[Event "HUN Team League Csongrad Region 2019–2"]
[Site "Csongrád County"]
[Date "2020.02.09"]
[Round "6.5"]
[White "Nagy Dani, Karoly"]
[Black "Papp, Zoltan"]
[Result "1/2-1/2"]
[WhiteElo "1802"]
[BlackElo "1821"]
[PlyCount "89"]
[EventDate "2019.09.29"]
[WhiteTeam "Röszke"]
[BlackTeam "Üllés"]

1. Nf3 d5 2. d4 Nf6 3. c4 c6 4. e3 Bf5 5. Nc3 e6 6. a3 Bd6 7. b4 Nbd7 8. c5 Bc7
9. Bb2 O-O 10. Be2 e5 11. dxe5 Nxe5 12. O-O Re8 13. Nxe5 Bxe5 14. Na4 Qc7 15.
Bxe5 Rxe5 16. Bf3 Rae8 17. Ra2 h6 18. Nc3 g5 19. Rd2 Kg7 20. Rd4 Ne4 21. Nxe4
Bxe4 22. Bh5 Bg6 23. Bxg6 Kxg6 24. Qd3+ f5 25. Qb1 Re4 26. Rfd1 h5 27. a4 a6
28. b5 axb5 29. axb5 Rxd4 30. Rxd4 Qa5 31. h3 Re4 32. bxc6 bxc6 33. Rxe4 fxe4
34. Qb6 Qa1+ 35. Kh2 Qf6 36. Qc7 h4 37. Kg1 Kf5 38. Qd7+ Kg6 39. Qe8+ Kf5 40.
Qd7+ Kg6 41. Qe8+ Kg7 42. Qd7+ Kg6 43. Qe8+ Kg7 44. Qd7+ Kg6 45. Qe8+ 1/2-1/2

[Event "HUN Team League Csongrad Region 2019–2"]
[Site "Csongrád County"]
[Date "2020.02.09"]
[Round "6.5"]
[White "Gera, Mihaly"]
[Black "Bartos, Ferenc"]
[Result "1/2-1/2"]
[WhiteElo "1797"]
[BlackElo "1715"]
[PlyCount "106"]
[EventDate "2019.09.29"]
[WhiteTeam "Üllés"]
[BlackTeam "Röszke"]

1. e4 e5 2. Nf3 Nc6 3. Bb5 a6 4. Bxc6 dxc6 5. O-O Bg4 6. h3 h5 7. d3 Qf6 8.
Nbd2 Bc5 9. Qe1 Ne7 10. Nh2 Ng6 11. Ndf3 Nf4 12. Bxf4 Qxf4 13. Qc3 Bd6 14. Qd2
Bxf3 15. Qxf4 exf4 16. Nxf3 f6 17. Nh4 g5 18. Nf5 O-O-O 19. g3 fxg3 20. fxg3
Be5 21. Rab1 c5 22. Rfd1 Rd7 23. Kf1 Rhd8 24. Ke2 h4 25. g4 c4 26. b3 cxd3+ 27.
cxd3 c6 28. Rbc1 Kc7 29. Ne3 Bf4 30. Rc2 Bxe3 31. Kxe3 Rd4 32. Rc5 b6 33. Rf5
R4d6 34. Rd2 c5 35. Rff2 a5 36. a4 R8d7 37. Rf5 Kd8 38. Rf1 Ke7 39. Rc1 Rd4 40.
Rc4 Ke6 41. Rc3 Ke5 42. Rf2 R7d6 43. Rf5+ Ke6 44. Rf3 Ke7 45. Rf5 Re6 46. Rc4
Red6 47. Rc3 Re6 48. Rc4 Rdd6 49. Rc3 Re5 50. Rc4 Rxf5 51. exf5 Kd7 52. Re4 Kc6
53. d4 cxd4+ 1/2-1/2

[Event "HUN Team League Csongrad Region 2019–2"]
[Site "Csongrád County"]
[Date "2020.02.09"]
[Round "6.5"]
[White "Ver, Imre"]
[Black "Toth, Sandor Sr."]
[Result "0-1"]
[WhiteElo "1699"]
[BlackElo "1745"]
[PlyCount "46"]
[EventDate "2019.09.29"]
[WhiteTeam "Röszke"]
[BlackTeam "Üllés"]

1. e4 c5 2. Nf3 d6 3. d4 cxd4 4. Nxd4 Nf6 5. Nc3 a6 6. Be2 e6 7. O-O Be7 8. Be3
O-O 9. h3 b5 10. a3 Bb7 11. Bf3 Qc7 12. Rc1 Nbd7 13. Nde2 Nc5 14. Ng3 Rfd8 15.
b4 Ncd7 16. Bd4 Rac8 17. Nb1 Qc4 18. c3 Ne5 19. Nd2 Nxf3+ 20. gxf3 Qc7 21. c4
Qd7 22. Re1 e5 23. Bb6 Re8 0-1

[Event "HUN Team League Csongrad Region 2019–2"]
[Site "Csongrád County"]
[Date "2020.02.09"]
[Round "6.5"]
[White "Heintz, Sebestyen"]
[Black "Sipos, Kalman"]
[Result "0-1"]
[WhiteElo "1655"]
[BlackElo "1667"]
[PlyCount "72"]
[EventDate "2019.09.29"]
[WhiteTeam "Üllés"]
[BlackTeam "Röszke"]

1. e4 c5 2. Nf3 Nc6 3. Be2 g6 4. d3 Bg7 5. c3 Nf6 6. Qb3 O-O 7. Bf4 Na5 8. Qc2
d6 9. Nbd2 b6 10. Rd1 e5 11. Bg5 h6 12. Bxf6 Qxf6 13. h3 Be6 14. c4 Nc6 15. a3
Qe7 16. Nf1 f5 17. Ne3 fxe4 18. dxe4 Nd4 19. Qd3 Kh7 20. O-O Rf4 21. Kh2 Raf8
22. Rd2 h5 23. Kg1 Bh6 24. Rdd1 Rxf3 25. Bxf3 Nxf3+ 26. Kh1 Nd4 27. Nc2 Qh4 28.
Kg1 Qg5 29. Ne1 h4 30. Kh1 Qf4 31. Kg1 g5 32. Kh1 g4 33. hxg4 Qxg4 34. Rb1 h3
35. g3 Qg8 36. Kh2 Bg4 0-1

[Event "HUN Team League Csongrad Region 2019–2"]
[Site "Csongrád County"]
[Date "2020.02.09"]
[Round "6.5"]
[White "Abraham, Lajos"]
[Black "Gabor, Geza"]
[Result "1-0"]
[WhiteElo "1622"]
[BlackElo "1597"]
[PlyCount "171"]
[EventDate "2019.09.29"]
[WhiteTeam "Röszke"]
[BlackTeam "Üllés"]

1. e4 e5 2. Nf3 Nc6 3. Bb5 d6 4. h3 Be6 5. d4 exd4 6. Nxd4 Bd7 7. Nxc6 bxc6 8.
Bc4 Be6 9. Qd3 Bxc4 10. Qxc4 Qd7 11. Nc3 Nf6 12. O-O Be7 13. Be3 O-O 14. Rad1
Qe8 15. Rfe1 c5 16. Nb5 Qc6 17. Bf4 Rfb8 18. Nd4 Qe8 19. Nb3 Rb4 20. Qe2 Rxe4
21. Qf3 Qc6 22. Rxe4 Nxe4 23. Na5 Qb5 24. Qxe4 Re8 25. Qc6 Qb8 26. Qb7 Qxb7 27.
Nxb7 Rb8 28. Re1 Kf8 29. Nxc5 dxc5 30. b3 Bd6 31. Bd2 Rd8 32. Bc3 f6 33. Kf1
Kf7 34. g3 Rd7 35. Re4 c6 36. Ra4 Ke6 37. Ra6 Kd5 38. Bb2 Be5 39. c4+ Kd6 40.
Bxe5+ fxe5 41. Ke2 Rc7 42. Ke3 g6 43. Ke4 Rf7 44. f3 h6 45. h4 g5 46. h5 Re7
47. Ra5 Rb7 48. Kf5 Rf7+ 49. Ke4 Rb7 50. Ke3 Rf7 51. Ra6 Rb7 52. Ke4 Rf7 53. a3
Rb7 54. f4 exf4 55. gxf4 Re7+ 56. Kf5 Rf7+ 57. Kg6 Rxf4 58. Kxh6 g4 59. Rxa7 g3
60. Rg7 Rf3 61. Rg6+ Ke7 62. Kg5 g2 63. Kh4 Rf2 64. Kh3 Rf3+ 65. Kxg2 Rxb3 66.
Rxc6 Rxa3 67. Rxc5 Kd6 68. Rd5+ Ke6 69. h6 Ra7 70. Rh5 Rh7 71. Kf3 Kf6 72. Kg4
Kg6 73. Rg5+ Kf6 74. Kh5 Rd7 75. Rg6+ Kf5 76. Rg7 Rd1 77. Rf7+ Ke6 78. Rf4 Ke5
79. Rh4 Kf5 80. h7 Rd8 81. Rh1 Rc8 82. Rf1+ Ke6 83. Kg6 Ke5 84. Kg7 Kd4 85.
h8=Q Rxh8 86. Kxh8 1-0